000 00296nam a22001337a 4500
008 170213b xxu||||| |||| 00| 0 eng d
020 _a9780976181514
041 _aeng
080 _a61
100 _a4
101 _aSHM
245 _aMILE STONES IN PUBLIC HEALTH
_cDEBUONO, B.A
942 _2udc
_cBK
999 _c5266
_d5266